000 00648nam a2200229Ia 4500
003 OSt
005 20220927105154.0
006 a|||||r|||| 00| 0
007 ta
008 220926b |||||||| |||| 00| 0 eng d
024 _a190705
037 _cReference Collections
040 _aRTL
_cRTL
_beng
041 _2eng
_aeng
082 _a"X:(B2892), N0"
100 _aFriedman James W
_9370659
245 0 _aGame theory with application to economics.
260 _aOxford
_bOxford University Press
_c1990
300 _a322p.
_ccm.
942 _h"X:(B2892), N0"
_cCC
999 _c690999
_d690999